Modely inovačného procesu a súvislosť s financovaním

Pojem inovácia. Etapy rozvoja technologických inovácií v ekonomike. Reťazovito-lineárny model inovačnej činnosti. Otvorený model inovácie.

Salvato in:
Dettagli Bibliografici
Autore principale: Bačišin, Vladimír
Natura: Capitolo di libro
Lingua:slovacco
Soggetti:
Tags: Aggiungi Tag
Nessun Tag, puoi essere il primo ad aggiungerne!!

MARC

LEADER 00000nla$a2200000$$$4500
001 0124104
005 20231121082114.0
041 0 |a slo 
044 |a SK 
245 1 0 |a Modely inovačného procesu a súvislosť s financovaním  |c Vladimír Bačišin 
520 |a Pojem inovácia. Etapy rozvoja technologických inovácií v ekonomike. Reťazovito-lineárny model inovačnej činnosti. Otvorený model inovácie. 
610 2 0 |a stratégia inovačná 
610 2 0 |a modely ekonomické 
610 2 0 |a financovanie 
610 2 0 |a inovácia 
610 2 0 |a výskum 
100 1 |a Bačišin, Vladimír